<?xml version="1.0" encoding="UTF-8"?>
<collection xmlns="http://www.loc.gov/MARC21/slim">
 <record>
  <leader>02087nam a22002777i 4500</leader>
  <controlfield tag="001">000550837</controlfield>
  <controlfield tag="008">181113s19601965??     fr     000 0 cze?d</controlfield>
  <datafield tag="STA" ind1=" " ind2=" ">
   <subfield code="a">Rychlá katalogizace</subfield>
  </datafield>
  <datafield tag="100" ind1=" " ind2=" ">
   <subfield code="a">Beckerath, E.</subfield>
  </datafield>
  <datafield tag="245" ind1=" " ind2="0">
   <subfield code="a">Handwörterbuch der sozial-wissenschaften</subfield>
  </datafield>
  <datafield tag="264" ind1=" " ind2="1">
   <subfield code="a">Stuttgard</subfield>
   <subfield code="b">J. C. B. Mohr</subfield>
   <subfield code="c">1960-1965</subfield>
  </datafield>
  <datafield tag="300" ind1=" " ind2=" ">
   <subfield code="a">více svazků</subfield>
  </datafield>
  <datafield tag="700" ind1=" " ind2=" ">
   <subfield code="a">Bente, H.</subfield>
  </datafield>
  <datafield tag="700" ind1=" " ind2=" ">
   <subfield code="a">Brinkmann, C.</subfield>
  </datafield>
  <datafield tag="993" ind1=" " ind2=" ">
   <subfield code="x">NEPOSILAT</subfield>
   <subfield code="y">RYCHLA</subfield>
  </datafield>
  <datafield tag="996" ind1=" " ind2=" ">
   <subfield code="1">PDPZ0</subfield>
   <subfield code="3">E15131</subfield>
   <subfield code="4">PC=1063/61</subfield>
   <subfield code="5">3142307544</subfield>
   <subfield code="7">32. Lieferung, 1960</subfield>
   <subfield code="8">20181219</subfield>
   <subfield code="f">81</subfield>
   <subfield code="h">32. Lieferung, 1960</subfield>
   <subfield code="l">UEP01</subfield>
   <subfield code="m">BOOK</subfield>
   <subfield code="q">Knihovna Žižkov depoz. 0</subfield>
   <subfield code="t">na 1 měsíc</subfield>
   <subfield code="u">UEP01</subfield>
   <subfield code="w">20181219</subfield>
  </datafield>
  <datafield tag="996" ind1=" " ind2=" ">
   <subfield code="1">PDPZ0</subfield>
   <subfield code="3">E15131</subfield>
   <subfield code="4">PC=2736/66</subfield>
   <subfield code="5">3142307516</subfield>
   <subfield code="7">43. Lieferung, 1962</subfield>
   <subfield code="8">20181113</subfield>
   <subfield code="f">81</subfield>
   <subfield code="h">43. Lieferung, 1962</subfield>
   <subfield code="l">UEP01</subfield>
   <subfield code="m">BOOK</subfield>
   <subfield code="q">Knihovna Žižkov depoz. 0</subfield>
   <subfield code="t">na 1 měsíc</subfield>
   <subfield code="u">UEP01</subfield>
   <subfield code="w">20181219</subfield>
  </datafield>
  <datafield tag="996" ind1=" " ind2=" ">
   <subfield code="1">PDPZ0</subfield>
   <subfield code="3">E15131</subfield>
   <subfield code="4">PC=2737/66</subfield>
   <subfield code="5">3142307515</subfield>
   <subfield code="7">29. Lieferung, 1960;29., 32., 37., 39. Lieferung</subfield>
   <subfield code="8">20181113</subfield>
   <subfield code="f">81</subfield>
   <subfield code="h">29. Lieferung, 1960</subfield>
   <subfield code="l">UEP01</subfield>
   <subfield code="m">BOOK</subfield>
   <subfield code="q">Knihovna Žižkov depoz. 0</subfield>
   <subfield code="t">na 1 měsíc</subfield>
   <subfield code="u">UEP01</subfield>
   <subfield code="w">20181219</subfield>
  </datafield>
  <datafield tag="996" ind1=" " ind2=" ">
   <subfield code="1">PDPZ0</subfield>
   <subfield code="3">E15131</subfield>
   <subfield code="4">PC=6607/64</subfield>
   <subfield code="5">3142307548</subfield>
   <subfield code="7">48. Lieferung, 1964</subfield>
   <subfield code="8">20181219</subfield>
   <subfield code="f">81</subfield>
   <subfield code="h">48. Lieferung, 1964</subfield>
   <subfield code="l">UEP01</subfield>
   <subfield code="m">BOOK</subfield>
   <subfield code="q">Knihovna Žižkov depoz. 0</subfield>
   <subfield code="t">na 1 měsíc</subfield>
   <subfield code="u">UEP01</subfield>
   <subfield code="w">20181219</subfield>
  </datafield>
  <datafield tag="996" ind1=" " ind2=" ">
   <subfield code="1">PDPZ0</subfield>
   <subfield code="3">E15131</subfield>
   <subfield code="4">PC=?</subfield>
   <subfield code="5">3142307536</subfield>
   <subfield code="7">53. Lieferung, 1965</subfield>
   <subfield code="8">20181219</subfield>
   <subfield code="f">81</subfield>
   <subfield code="h">53. Lieferung, 1965</subfield>
   <subfield code="l">UEP01</subfield>
   <subfield code="m">BOOK</subfield>
   <subfield code="q">Knihovna Žižkov depoz. 0</subfield>
   <subfield code="t">na 1 měsíc</subfield>
   <subfield code="u">UEP01</subfield>
   <subfield code="w">20181219</subfield>
  </datafield>
  <datafield tag="996" ind1=" " ind2=" ">
   <subfield code="1">PDPZ0</subfield>
   <subfield code="3">E15131</subfield>
   <subfield code="4">PC=?</subfield>
   <subfield code="5">3142307545</subfield>
   <subfield code="7">37. Lieferung, 1961</subfield>
   <subfield code="8">20181219</subfield>
   <subfield code="f">81</subfield>
   <subfield code="h">37. Lieferung, 1961</subfield>
   <subfield code="l">UEP01</subfield>
   <subfield code="m">BOOK</subfield>
   <subfield code="q">Knihovna Žižkov depoz. 0</subfield>
   <subfield code="t">na 1 měsíc</subfield>
   <subfield code="u">UEP01</subfield>
   <subfield code="w">20181219</subfield>
  </datafield>
  <datafield tag="996" ind1=" " ind2=" ">
   <subfield code="1">PDPZ0</subfield>
   <subfield code="3">E15131</subfield>
   <subfield code="4">PC=?</subfield>
   <subfield code="5">3142307546</subfield>
   <subfield code="7">39. Lieferung, 1961</subfield>
   <subfield code="8">20181219</subfield>
   <subfield code="f">81</subfield>
   <subfield code="h">39. Lieferung, 1961</subfield>
   <subfield code="l">UEP01</subfield>
   <subfield code="m">BOOK</subfield>
   <subfield code="q">Knihovna Žižkov depoz. 0</subfield>
   <subfield code="t">na 1 měsíc</subfield>
   <subfield code="u">UEP01</subfield>
   <subfield code="w">20181219</subfield>
  </datafield>
  <datafield tag="996" ind1=" " ind2=" ">
   <subfield code="1">PDPZ0</subfield>
   <subfield code="3">E15131</subfield>
   <subfield code="4">PC=?</subfield>
   <subfield code="5">3142307547</subfield>
   <subfield code="7">46. Lieferung, 1963</subfield>
   <subfield code="8">20181219</subfield>
   <subfield code="f">81</subfield>
   <subfield code="h">46. Lieferung, 1963</subfield>
   <subfield code="l">UEP01</subfield>
   <subfield code="m">BOOK</subfield>
   <subfield code="q">Knihovna Žižkov depoz. 0</subfield>
   <subfield code="t">na 1 měsíc</subfield>
   <subfield code="u">UEP01</subfield>
   <subfield code="w">20181219</subfield>
  </datafield>
  <datafield tag="996" ind1=" " ind2=" ">
   <subfield code="1">PDPZ0</subfield>
   <subfield code="3">E15131</subfield>
   <subfield code="4">PC=?</subfield>
   <subfield code="5">3142307549</subfield>
   <subfield code="7">50. Lieferung, 1964</subfield>
   <subfield code="8">20181219</subfield>
   <subfield code="f">81</subfield>
   <subfield code="h">50. Lieferung, 1964</subfield>
   <subfield code="l">UEP01</subfield>
   <subfield code="m">BOOK</subfield>
   <subfield code="q">Knihovna Žižkov depoz. 0</subfield>
   <subfield code="t">na 1 měsíc</subfield>
   <subfield code="u">UEP01</subfield>
   <subfield code="w">20181219</subfield>
  </datafield>
 </record>
</collection>
